000
00296nam a22001337a 4500
008
180116b xxu||||| |||| 00| 0 eng d
020
_a
0123412501
041
_a
eng
080
_a
910
100
_a
42
101
_a
GJEO
245
_a
Population Analysis and Models
_c
Henry, L
942
_2
udc
_c
BK
999
_c
40363
_d
40363